000 00552nam a2200205Ia 4500
005 20250326144313.0
008 250326s9999 xx 000 0 und d
020 _a978-0-19-928253-1
037 _aTextbook
040 _aFMSL
_beng
_cFMSL
041 _aeng
_2eng
084 _aX8A:8 P8
_qFMSL
100 _aKogut B
_9749431
245 0 _aKnowledge, options, and institutions
_cKogut B
260 _aNew Delhi
_bNew Delhi, Oxford
_c2008
300 _axii,372
365 _b1395
942 _cTB
_hX8A:8 P8
999 _c1303226
_d1303226